000 00730nam a22002292 4500
001 25621
003 BD-RjUL
005 20211209050914.0
008 140318s1949 mauc 001 0aeng d
035 _a(BD-RjUL)25691
040 _aJNA
_cJNA
_dBD-RjUL
_beng
041 _aeng
082 0 0 _a791.0924
_bROA 1949
100 1 _aRogers, Will,
_d1879-1935.
_978730
245 1 4 _aThe autobiography of Will Rogers /
_cselected and edited by Donald Day ; with a foreword by Bill and Jim Rogers.
260 _aBoston :
_bHoughton Mifflin,
_cc1949.
300 _axvii, 410 p. :
_bport. ;
_c21 cm.
504 _aIncludes index.
600 1 0 _aRogers, Will,
_d1879-1935.
_978733
700 1 _aDay, Donald,
_d1899-1991.
_978732
942 _2ddc
_cBK
999 _c25621
_d25621